Statistiques concernant They Shoot Pictures, Don't They? - films 81 à 100

Cliquez ici pour prendre le quiz!

Statistiques générales

  • Ce quiz a été pris 52 fois
  • Le résultat moyen est 7 sur 20

Statistiques - réponses

Réponse% Correct
Les Dents de la mer
92%
Shining
84%
La Ruée vers l'or
66%
La vie est belle
66%
Blue Velvet
61%
La Jetée
37%
Jules et Jim
32%
Cléo de 5 à 7
29%
La Horde Sauvage
29%
Jeux dangereux
26%
Sans soleil
24%
L'homme qui tua Liberty Valance
21%
Pickpocket
21%
La Splendeur des Amberson
16%
L'Intendant Sansho
16%
Nashville
16%
Viridiana
16%
Gertrud
8%
Meshes of the Afternoon
8%
Le Conformiste
5%

Distribution des résultats

Percentile par nombre de réponses

% des personnes avec chaque résultat

Votre développement - résultats

Vous n’avez pas pris ce quiz